| 000 | 00635nam a22002057a 4500 | ||
|---|---|---|---|
| 005 | 20250113092949.0 | ||
| 008 | 241213b ||||| |||| 00| 0 eng d | ||
| 040 | _cAL | ||
| 041 | _aEnglish | ||
| 082 |
_223 _a348.04 _bEASS |
||
| 100 |
_aEastern Book Company _9193146 |
||
| 245 | _aSupreme Court Cases1992: Supplement Volume 3 | ||
| 260 |
_aLucknow _bEastern Book Company _c1992 |
||
| 300 |
_axx,800 p. _bHB _c24x16 cm. |
||
| 365 |
_a1061 _b₹959.52 _c₹ _d₹1279.36 _e25% _f28-11-2024 |
||
| 440 |
_aSupplement Volume 3 _9190839 |
||
| 650 |
_aLaw _9190840 |
||
| 650 |
_aMode of Citation 1992 Supp (3) SCC _9190841 |
||
| 942 |
_2ddc _cBI |
||
| 999 |
_c232853 _d232853 |
||